[Event "Groningen op-B 55th"]
[Site "Groningen"]
[Date "2017.12.28"]
[Round "7"]
[White "Molanus, Florian"]
[Black "Luijmes, Henk"]
[Result "1-0"]
[WhiteElo "1289"]
[BlackElo "909"]
[PlyCount "37"]
[EventDate "2017.12.22"]
[EventType "swiss"]
[EventRounds "9"]
[EventCountry "NED"]
[SourceTitle "CBM 182 Extra"]
[Source "ChessBase"]
[SourceDate "2018.02.23"]
[SourceVersion "1"]
[SourceVersionDate "2018.02.23"]
[SourceQuality "1"]

1. d4 d5 2. c4 dxc4 3. e4 e6 4. Bxc4 Nc6 5. Nf3 Bb4+ 6. Nc3 Nf6 7. Qd3 0-0 8. 0-0 a6 9. a3 Bxc3 10. bxc3 b5 11. Bb3 Na5 12. Bc2 g6 13. Bg5 Nc4 14. e5 Qd5 15. Bxf6 Bb7 16. Bb3 c5 17. Bxc4 bxc4 18. Qe3 cxd4 19. Qh6 1-0

[Event "Groningen op-B 55th"]
[Site "Groningen"]
[Date "2017.12.23"]
[Round "2"]
[White "Vandeputte, Samuel"]
[Black "Molanus, Florian"]
[Result "1-0"]
[WhiteElo "1576"]
[BlackElo "1289"]
[PlyCount "29"]
[EventDate "2017.12.22"]
[EventType "swiss"]
[EventRounds "9"]
[EventCountry "NED"]
[SourceTitle "CBM 182 Extra"]
[Source "ChessBase"]
[SourceDate "2018.02.23"]
[SourceVersion "1"]
[SourceVersionDate "2018.02.23"]
[SourceQuality "1"]

1. c4 e5 2. Nc3 Nf6 3. g3 Nc6 4. Bg2 g6 5. e3 Qe7 6. d3 Bg7 7. Nge2 Qc5 8. 0-0 d6 9. a3 Nd7 10. b4 Qb6 11. Nd5 Qa6 12. Nxc7+ Kf8 13. Nxa6 bxa6 14. Bxc6 Rb8 15. Nc3 1-0